000 00301nam a2200121Ia 4500
008 190216s9999||||xx |||||||||||||| ||und||
100 _aSharma
245 0 _aCareers In Accountancy
260 _bCentral Institute For Research &training
_c1970
300 _a33p
650 _aAccountancy
942 _cREF
999 _c35815
_d35815